000
00293nam a2200121Ia 4500
008
190216s9999||||xx |||||||||||||| ||und||
100
_a
Mukand Lal Gupta
245
0
_a
Hindi-Bharath Ratna Sammanit Vibhutiyan
260
_b
Shanti Books House
300
_a
110
650
_a
Hindi
942
_c
BK
999
_c
16476
_d
16476